Comentario a la lección inaugural pronunciada por Salvador Giner /
El autor analiza críticamente la propuesta de Salvador Giner respecto a la hegemonía de las ciencias sociales y su propuesta de conceptualizar a las ciencias sociales como ciencias morales. El autor pone en tela de juicio la importancia de las ciencias sociales, cuando plantea que es difícil que per...
Guardat en:
| Autor principal: | |
|---|---|
| Format: | Text |
| Matèries: | |
| Etiquetes: |
Afegir etiqueta
Sense etiquetes, Sigues el primer a etiquetar aquest registre!
|
MARC
| LEADER | 00000 a a2200000 04500 | ||
|---|---|---|---|
| 001 | 13639 | ||
| 003 | |||
| 040 | |||
| 100 | |a Fernández, Oscar | ||
| 245 | |a Comentario a la lección inaugural pronunciada por Salvador Giner / |c Oscar Fernández | ||
| 520 | |a El autor analiza críticamente la propuesta de Salvador Giner respecto a la hegemonía de las ciencias sociales y su propuesta de conceptualizar a las ciencias sociales como ciencias morales. El autor pone en tela de juicio la importancia de las ciencias sociales, cuando plantea que es difícil que personas ajenas a las disciplinas que ellas encierran aprecien tan claramente sus aportes. Por otra parte se sostiene que la objetividad y rigurosidad de la producción científica de las ciencias sociales no radican ni dependen de su valor moral, y que más bien se debe evitar trabajar desde el enjuiciamiento moral de lo que ellas investigan | ||
| 650 | |a CIENCIAS SOCIALES | ||
| 650 | |a EPISTEMOLOGIA | ||
| 650 | |a INFLUENCIA SOCIAL | ||
| 650 | |a ANTROPOLOGIA | ||
| 650 | |a SOCIOLOGIA | ||
| 773 | |g volumen 81, número 2; páginas 95-97 | ||
| 999 | |c 35379 |d 35379 | ||
